| 000 | 00400nam a22001577a 4500 | ||
|---|---|---|---|
| 999 |
_c3838 _d3838 |
||
| 003 | GBCCL | ||
| 005 | 20241126110505.0 | ||
| 008 | 171214b xxu||||| |||| 00| 0 eng d | ||
| 040 | _cgbc | ||
| 082 |
_a813.54 _bBAL |
||
| 100 |
_aBaldwin, Faith _97555 |
||
| 245 |
_aThresholds / _cFaith Baldwin |
||
| 260 |
_bWarner Paperback Library, _aNew York: _c1972 |
||
| 300 |
_a222 p.; _c17 cm. |
||
| 942 |
_2ddc _cBK _01 |
||